[Event "España ch 2010 sub-12"]
[Site "Linares ESP"]
[Date "2010.07.09"]
[Round "6.9"]
[White "Martin Carmona, Gaston"]
[Black "Alonso Gonzalez, Miguel"]
[Result "1/2-1/2"]
[WhiteElo "1875"]
[BlackElo "1613"]
[PlyCount "85"]
[EventDate "2010.07.06"]
[EventType "swiss"]
[EventRounds "9"]
[EventCountry "ESP"]
[Source "lmi"]
[SourceDate "2010.07.06"]

1. e4 c5 2. Nf3 d6 3. d4 cxd4 4. Nxd4 Nf6 5. Nc3 a6 6. Rg1 e5 7. Nb3 Be6 8. g4
Be7 9. g5 Nfd7 10. Be3 b5 11. Qd2 Nb6 12. Na5 Qc7 13. O-O-O Nc6 14. Bxb5 Bd7
15. Bxc6 Bxc6 16. Nxc6 Qxc6 17. Bxb6 Qxb6 18. Nd5 Qc6 19. Rg3 Rb8 20. Rc3 Qb7
21. Rb3 Qa7 22. Rxb8+ Qxb8 23. h4 Kd7 24. Qa5 Qb7 25. Rd3 Bd8 26. Qa4+ Qb5 27.
Qxb5+ axb5 28. Rf3 Rf8 29. Kd2 h6 30. gxh6 gxh6 31. Nf6+ Ke6 32. Nd5 f5 33. Ne3
f4 34. h5 fxe3+ 35. Kxe3 Bb6+ 36. Ke2 Rxf3 37. Kxf3 d5 38. exd5+ Kxd5 39. a3
e4+ 40. Ke2 Kd4 41. Kd2 Ke5 42. Ke2 Kf4 43. Kd2 1/2-1/2

[Event "España ch 2010 sub-12"]
[Site "Linares ESP"]
[Date "2010.07.09"]
[Round "6.10"]
[White "Ventura Bolet, Alexandre"]
[Black "Laiz Ibanez, Hector"]
[Result "1/2-1/2"]
[WhiteElo "1720"]
[BlackElo "1673"]
[PlyCount "88"]
[EventDate "2010.07.06"]
[EventType "swiss"]
[EventRounds "9"]
[EventCountry "ESP"]
[Source "lmi"]
[SourceDate "2010.07.06"]

1. e4 e5 2. Nf3 Nc6 3. Bc4 Nf6 4. d3 Bc5 5. Nc3 d6 6. h3 h6 7. O-O O-O 8. Be3
Bb6 9. Re1 Be6 10. Bb3 Re8 11. d4 exd4 12. Bxd4 Bxb3 13. axb3 Bxd4 14. Nxd4
Nxd4 15. Qxd4 a6 16. Rad1 Qd7 17. e5 Nh7 18. exd6 Rxe1+ 19. Rxe1 Qxd6 20. Qxd6
cxd6 21. Rd1 Rd8 22. Ne4 d5 23. Nc5 Rc8 24. Nxb7 Rxc2 25. Rxd5 Nf6 26. Rd8+ Kh7
27. Ra8 Rxb2 28. Nc5 Nd5 29. Rxa6 Rc2 30. Ra5 Nb4 31. Rb5 Nc6 32. Ne4 Nd4 33.
Rb4 Ne6 34. Rc4 Rb2 35. b4 Kg8 36. Rc8+ Kh7 37. Rb8 Nd4 38. Nd6 Kg6 39. b5 Kf6
40. b6 Nc6 41. Rb7 Na5 42. Ra7 Nc6 43. Rb7 Na5 44. Ra7 Nc6 1/2-1/2

[Event "España ch 2010 sub-12"]
[Site "Linares ESP"]
[Date "2010.07.09"]
[Round "6.11"]
[White "De la Calle Fuentes, Sergio"]
[Black "Domingo Nunez, Ruben"]
[Result "1-0"]
[WhiteElo "1661"]
[BlackElo "1718"]
[PlyCount "63"]
[EventDate "2010.07.06"]
[EventType "swiss"]
[EventRounds "9"]
[EventCountry "ESP"]
[Source "lmi"]
[SourceDate "2010.07.06"]

1. e4 c5 2. Nc3 Nc6 3. g3 g6 4. d3 d6 5. Bg2 Bg7 6. Bd2 Nf6 7. f4 Bg4 8. Nf3
O-O 9. h3 Bxf3 10. Bxf3 Nd4 11. Bg2 Rb8 12. g4 b5 13. Ne2 Nxe2 14. Qxe2 b4 15.
h4 e6 16. O-O a5 17. Be3 Nd7 18. Rab1 Qe7 19. h5 Nb6 20. f5 gxh5 21. gxh5 exf5
22. Rxf5 h6 23. Qg4 Kh7 24. Rbf1 Qe6 25. Bh3 Rb7 26. Qg2 Qe7 27. Bxh6 Bxh6 28.
Rxf7+ Rxf7 29. Qg6+ Kh8 30. Qxh6+ Rh7 31. Rf8+ Qxf8 32. Qxf8# 1-0

[Event "España ch 2010 sub-12"]
[Site "Linares ESP"]
[Date "2010.07.09"]
[Round "6.12"]
[White "Hernandez Mateo, Borja"]
[Black "Garriga Cazorla, Pere"]
[Result "1-0"]
[WhiteElo "1575"]
[BlackElo "1715"]
[PlyCount "52"]
[EventDate "2010.07.06"]
[EventType "swiss"]
[EventRounds "9"]
[EventCountry "ESP"]
[Source "lmi"]
[SourceDate "2010.07.06"]

1. e4 c5 2. Nf3 Nc6 3. d4 cxd4 4. Nxd4 e5 5. Nb3 Nf6 6. Nc3 Bb4 7. Bd3 d5 8.
Bd2 Bxc3 9. Bxc3 dxe4 10. Bb5 Qxd1+ 11. Rxd1 Bg4 12. Bxc6+ bxc6 13. Rd6 O-O 14.
Bxe5 Rfd8 15. O-O Rxd6 16. Bxd6 Rd8 17. Bc5 a6 18. h3 Be6 19. Nd4 Bd5 20. Rd1
Be6 21. Rc1 Rd5 22. b4 Rg5 23. Nxe6 fxe6 24. c4 Nh5 25. Rd1 Rg6 26. Rd6 Rg5 1-0

[Event "España ch 2010 sub-12"]
[Site "Linares ESP"]
[Date "2010.07.09"]
[Round "6.13"]
[White "Pozo Vinuesa, Elena"]
[Black "Fernandez Cano, Victor"]
[Result "0-1"]
[WhiteElo "1576"]
[BlackElo "1697"]
[PlyCount "96"]
[EventDate "2010.07.06"]
[EventType "swiss"]
[EventRounds "9"]
[EventCountry "ESP"]
[Source "lmi"]
[SourceDate "2010.07.06"]

1. e4 e5 2. Nf3 Nc6 3. Bc4 Bc5 4. Nc3 Nf6 5. d3 h6 6. Be3 Bxe3 7. fxe3 d6 8.
Qd2 Na5 9. Bb3 Nxb3 10. axb3 c6 11. O-O O-O 12. d4 Qc7 13. Rad1 Bg4 14. Qf2
Rfe8 15. Rde1 Bh5 16. Qg3 Bg6 17. Nd2 Rad8 18. Qf3 Qd7 19. Rc1 Nh7 20. h4 Nf6
21. d5 Rc8 22. Rfe1 Red8 23. Nf1 Ne8 24. Ng3 f6 25. Rcd1 Nc7 26. h5 Bh7 27. Rd2
cxd5 28. exd5 Nb5 29. Nxb5 Qxb5 30. e4 Qb4 31. Red1 Rc7 32. Qe2 Rdc8 33. Kh1
Rf7 34. Qg4 f5 35. Qh3 Rcf8 36. exf5 Bxf5 37. Nxf5 Rxf5 38. Kg1 Qc5+ 39. Kh2
Qb4 40. Kg1 Qf4 41. c4 e4 42. Re2 Qe5 43. g4 Rf3 44. Qh2 R8f4 45. Qg2 e3 46.
Rde1 Qd4 47. Kh1 Qe4 48. Kg1 Rxg4 0-1

[Event "España ch 2010 sub-12"]
[Site "Linares ESP"]
[Date "2010.07.09"]
[Round "6.14"]
[White "Heredia Navarro, Alvaro"]
[Black "Torrents Senal, Marc"]
[Result "1-0"]
[WhiteElo "1554"]
[BlackElo "1786"]
[PlyCount "145"]
[EventDate "2010.07.06"]
[EventType "swiss"]
[EventRounds "9"]
[EventCountry "ESP"]
[Source "lmi"]
[SourceDate "2010.07.06"]

1. e4 d5 2. exd5 Qxd5 3. Nc3 Qa5 4. Bc4 Nf6 5. Nge2 Bg4 6. d3 Bxe2 7. Qxe2 c6
8. O-O e6 9. Bd2 Qc7 10. Rfe1 Bd6 11. Kh1 O-O 12. Qf3 Nbd7 13. d4 Nb6 14. Bd3
Rfe8 15. Qh3 Bf4 16. Bxf4 Qxf4 17. Ne4 Nxe4 18. Rxe4 Qf6 19. Rg4 h6 20. Re1 Kf8
21. Re3 Qxf2 22. Rf3 Qe1+ 23. Bf1 f5 24. Qh5 Re7 25. Qg6 Kg8 26. Rgg3 Rf7 27.
Qxh6 f4 28. Rg4 Rd8 29. c3 Nd5 30. Qh4 Qxh4 31. Rxh4 Kf8 32. c4 Ne3 33. Rhxf4
Rxf4 34. Rxf4+ Ke7 35. Be2 Rf8 36. Rxf8 Kxf8 37. Kg1 Nf5 38. d5 exd5 39. cxd5
cxd5 40. Kf2 b6 41. Bf3 d4 42. Ke2 Ke7 43. Kd3 Kd6 44. Be4 Ne7 45. Kxd4 b5 46.
h4 Ng8 47. g4 Nf6 48. g5 Ng4 49. h5 a6 50. Bf5 Ne5 51. Ke4 Nf7 52. Kf4 Kd5 53.
Bc8 a5 54. Ba6 b4 55. b3 Nd6 56. h6 gxh6 57. gxh6 Kd4 58. h7 Nf7 59. Bc4 Nh8
60. Kf5 Kc3 61. Kf6 Kb2 62. Kg7 Kxa2 63. Kxh8 a4 64. bxa4+ b3 65. Bxb3+ Kxb3
66. a5 Kb4 67. a6 Kb5 68. a7 Kb6 69. a8=Q Kb5 70. Kg7 Kb4 71. Qc6 Ka3 72. Qb5
Ka2 73. h8=R 1-0

[Event "España ch 2010 sub-12"]
[Site "Linares ESP"]
[Date "2010.07.09"]
[Round "6.15"]
[White "Losa Ordonez, Juan Jose"]
[Black "Buiza Prieto, Eihartze"]
[Result "1/2-1/2"]
[WhiteElo "1537"]
[BlackElo "1766"]
[PlyCount "80"]
[EventDate "2010.07.06"]
[EventType "swiss"]
[EventRounds "9"]
[EventCountry "ESP"]
[Source "lmi"]
[SourceDate "2010.07.06"]

1. e4 c5 2. Nf3 e6 3. d4 cxd4 4. Nxd4 Nf6 5. Nc3 Nc6 6. a3 Qc7 7. Be3 a6 8. Bd3
Be7 9. f4 d6 10. O-O b5 11. b4 Nxb4 12. Ncxb5 Qb8 13. axb4 axb5 14. Rxa8 Qxa8
15. Bxb5+ Kf8 16. e5 dxe5 17. fxe5 Nd5 18. Qf3 f5 19. exf6 Bxf6 20. Bc6 Qa3 21.
Bxd5 exd5 22. Bg5 Qxf3 23. Rxf3 Ke7 24. Bxf6+ gxf6 25. Kf2 Bd7 26. b5 Rb8 27.
Rb3 Kd6 28. Ke3 Kc5 29. Kd3 Bxb5+ 30. Rxb5+ Rxb5 31. Nxb5 Kxb5 32. Kd4 Kc6 33.
c3 Kd6 34. g3 f5 35. h3 h5 36. h4 Ke6 37. Ke3 Ke5 38. Kf3 Ke6 39. Kf4 Kf6 40.
Kf3 Ke6 1/2-1/2

[Event "España ch 2010 sub-12"]
[Site "Linares ESP"]
[Date "2010.07.10"]
[Round "7.2"]
[White "Bas Mas, Miguel"]
[Black "Domingo Nunez, Alejandro"]
[Result "1/2-1/2"]
[WhiteElo "1822"]
[BlackElo "1753"]
[PlyCount "68"]
[EventDate "2010.07.06"]
[EventType "swiss"]
[EventRounds "9"]
[EventCountry "ESP"]
[Source "lmi"]
[SourceDate "2010.07.06"]

1. e4 e6 2. d4 d5 3. exd5 exd5 4. Bd3 Bd6 5. Nf3 c6 6. c3 Ne7 7. O-O Qc7 8. Qc2
Bg4 9. Nbd2 Nd7 10. a4 h6 11. b3 O-O 12. Ba3 Rae8 13. Bxd6 Qxd6 14. Rfe1 Qf6
15. b4 Ng6 16. h3 Bxf3 17. Nxf3 Nf4 18. Kh2 Qd6 19. Kg1 Nf6 20. Ne5 Nxd3 21.
Qxd3 Ne4 22. Nf3 Qf4 23. Re2 Re6 24. Rae1 g5 25. Ne5 h5 26. Qc2 g4 27. Nd3 Qg5
28. hxg4 hxg4 29. Nc5 Nxc5 30. bxc5 Rh6 31. Re3 Qh5 32. Kf1 Kg7 33. Ke2 g3+ 34.
f3 Qg5 1/2-1/2

[Event "España ch 2010 sub-12"]
[Site "Linares ESP"]
[Date "2010.07.10"]
[Round "7.3"]
[White "Bru Rullo, Llatzer"]
[Black "Alvarez Nistal, David"]
[Result "0-1"]
[WhiteElo "1941"]
[BlackElo "1727"]
[PlyCount "102"]
[EventDate "2010.07.06"]
[EventType "swiss"]
[EventRounds "9"]
[EventCountry "ESP"]
[Source "lmi"]
[SourceDate "2010.07.06"]

1. e4 c5 2. Nf3 d6 3. c3 Nf6 4. Be2 Bd7 5. d3 Bc6 6. Bg5 Nbd7 7. Nbd2 e6 8. O-O
Be7 9. Rb1 O-O 10. b4 a6 11. a4 b5 12. axb5 axb5 13. Nb3 cxb4 14. cxb4 Nb6 15.
Na5 Bd7 16. Nd4 Rc8 17. Rc1 Nfd5 18. Bxe7 Nxe7 19. Rc2 Na4 20. Rxc8 Qxc8 21.
Qd2 Qc3 22. Qxc3 Nxc3 23. Rc1 Rc8 24. Kf1 g6 25. Nb7 Nxe2 26. Nxe2 Rxc1+ 27.
Nxc1 d5 28. Nd6 Nc6 29. Na2 dxe4 30. Nxe4 e5 31. Ke1 Be6 32. Nec3 Kf8 33. Kd2
Ke7 34. Ke3 f5 35. f4 Kf6 36. g3 exf4+ 37. gxf4 Bb3 38. d4 Ke6 39. Nc1 Bc4 40.
Nd3 Bxd3 41. d5+ Kd6 42. Kxd3 Nxb4+ 43. Kd4 Nc2+ 44. Kd3 Nb4+ 45. Kd2 Nxd5 46.
Nxb5+ Kc5 47. Na7 Nxf4 48. Ke3 Nd5+ 49. Kf3 Kb6 50. Nc8+ Kc7 51. Na7 Nc3 0-1

[Event "España ch 2010 sub-12"]
[Site "Linares ESP"]
[Date "2010.07.10"]
[Round "7.4"]
[White "Salagran Ferragut, Guillem"]
[Black "Ucles Lirola, Moises"]
[Result "0-1"]
[WhiteElo "1725"]
[BlackElo "1753"]
[PlyCount "74"]
[EventDate "2010.07.06"]
[EventType "swiss"]
[EventRounds "9"]
[EventCountry "ESP"]
[Source "lmi"]
[SourceDate "2010.07.06"]

1. e4 Nf6 2. e5 Nd5 3. d4 d6 4. c4 Nb6 5. exd6 exd6 6. Nc3 Nc6 7. Nf3 Bg4 8.
Be3 Be7 9. b3 O-O 10. Be2 Bf6 11. O-O Re8 12. Qd2 Ne7 13. h3 Bxf3 14. Bxf3 c6
15. Bg4 Nd7 16. Ne4 Nc8 17. Qd3 d5 18. Ng3 Nd6 19. Nh5 h6 20. Bxh6 Ne4 21. f3
dxc4 22. Qxc4 Nb6 23. Nxf6+ Nxf6 24. Qc3 gxh6 25. Qd2 Nxg4 26. fxg4 Re6 27. Rf5
Qe7 28. Raf1 Rf8 29. g5 hxg5 30. Rxg5+ Rg6 31. Re5 Qh4 32. Qc2 Qxd4+ 33. Kh1
Qxe5 34. Rg1 Re8 35. Qd2 Nd5 36. Qc2 Ne3 37. Qf2 Qe4 0-1

[Event "España ch 2010 sub-12"]
[Site "Linares ESP"]
[Date "2010.07.10"]
[Round "7.6"]
[White "Alonso Vara, Laura"]
[Black "De la Calle Fuentes, Sergio"]
[Result "1/2-1/2"]
[WhiteElo "1577"]
[BlackElo "1661"]
[PlyCount "54"]
[EventDate "2010.07.06"]
[EventType "swiss"]
[EventRounds "9"]
[EventCountry "ESP"]
[Source "lmi"]
[SourceDate "2010.07.06"]

1. d4 d5 2. e3 g6 3. Bd3 Bg7 4. f4 Nf6 5. Nd2 Nc6 6. c3 Bd7 7. Ngf3 e6 8. O-O
O-O 9. Ne5 Nxe5 10. fxe5 Ne8 11. Qf3 f6 12. Qg3 Qe7 13. e4 fxe5 14. Rxf8+ Qxf8
15. dxe5 Qc5+ 16. Kh1 dxe4 17. Nxe4 Qxe5 18. Qxe5 Bxe5 19. Nc5 Bc8 20. Bh6 Bg7
21. Bg5 b6 22. Nb3 Bd7 23. Re1 Nd6 24. Nd4 c5 25. Nxe6 Re8 26. Bf4 Nf7 27. Bc4
Bc6 1/2-1/2

[Event "España ch 2010 sub-12"]
[Site "Linares ESP"]
[Date "2010.07.10"]
[Round "7.7"]
[White "Perez Tores, Juan Miguel"]
[Black "Hernandez Mateo, Borja"]
[Result "0-1"]
[WhiteElo "1726"]
[BlackElo "1575"]
[PlyCount "54"]
[EventDate "2010.07.06"]
[EventType "swiss"]
[EventRounds "9"]
[EventCountry "ESP"]
[Source "lmi"]
[SourceDate "2010.07.06"]

1. e4 c5 2. Nf3 d6 3. d4 cxd4 4. Nxd4 Nf6 5. Nc3 a6 6. f3 e6 7. Be3 b5 8. Qd2
Be7 9. O-O-O Bb7 10. g4 Nfd7 11. g5 Nc5 12. Nde2 Nbd7 13. h4 Rc8 14. Kb1 b4 15.
Na4 Nxa4 16. Qxb4 Nac5 17. Bxc5 Nxc5 18. Bg2 a5 19. Qb5+ Bc6 20. Qc4 Qb6 21.
Qd4 e5 22. Qe3 Na4 23. Qxb6 Nxb6 24. Bh3 Rb8 25. Ka1 O-O 26. Nc3 Rfd8 27. Rhe1
Na4 0-1

[Event "España ch 2010 sub-12"]
[Site "Linares ESP"]
[Date "2010.07.10"]
[Round "7.8"]
[White "Suarez Gomez, Julio"]
[Black "Martin Carmona, Gaston"]
[Result "1/2-1/2"]
[WhiteElo "1632"]
[BlackElo "1875"]
[PlyCount "80"]
[EventDate "2010.07.06"]
[EventType "swiss"]
[EventRounds "9"]
[EventCountry "ESP"]
[Source "lmi"]
[SourceDate "2010.07.06"]

1. e4 c5 2. d3 d6 3. g3 g6 4. Bg2 Bg7 5. f4 e6 6. Nf3 Nc6 7. c3 Qb6 8. Qe2 Nge7
9. O-O O-O 10. Kh1 Bd7 11. Na3 Rac8 12. Be3 d5 13. Bg1 a6 14. e5 f6 15. d4 cxd4
16. Nxd4 Nxd4 17. Bxd4 Qc7 18. exf6 Bxf6 19. Nc2 Nf5 20. Bxf6 Rxf6 21. Rfe1 Bb5
22. Qe5 Qxe5 23. Rxe5 Rc6 24. g4 Nh4 25. Nd4 Rb6 26. Rxe6 Nxg2 27. Rxb6 Rxb6
28. Kxg2 Bd3 29. b4 Be4+ 30. Kg3 h5 31. h3 a5 32. a3 Kf7 33. Kh4 hxg4 34. Kxg4
a4 35. Kg5 Rd6 36. Re1 Rd8 37. h4 Rc8 38. Re3 Rh8 39. Kg4 Rc8 40. Kg3 Kf6
1/2-1/2

[Event "España ch 2010 sub-12"]
[Site "Linares ESP"]
[Date "2010.07.10"]
[Round "7.9"]
[White "Santos Ruiz, Miguel"]
[Black "Rodriguez Manzaneda, Irene"]
[Result "1-0"]
[WhiteElo "1855"]
[BlackElo "1638"]
[PlyCount "119"]
[EventDate "2010.07.06"]
[EventType "swiss"]
[EventRounds "9"]
[EventCountry "ESP"]
[Source "lmi"]
[SourceDate "2010.07.06"]

1. e4 c5 2. Nf3 Nc6 3. d4 cxd4 4. Nxd4 Nf6 5. Nc3 e5 6. Ndb5 d6 7. Bg5 a6 8.
Na3 b5 9. Bxf6 gxf6 10. Nd5 Bg7 11. g3 f5 12. Bg2 O-O 13. exf5 Bxf5 14. Ne3 e4
15. Nxf5 Bxb2 16. Rb1 Qf6 17. O-O Bxa3 18. Bxe4 Rac8 19. Qf3 d5 20. Bxd5 Bc5
21. Be4 Ne5 22. Qh5 Ng6 23. Rb3 Kh8 24. g4 Nf4 25. Qh6 Qxh6 26. Nxh6 Bd6 27.
Nf5 Be5 28. Ra3 Rc4 29. Re1 Re8 30. Bd3 Rc6 31. Nd4 Rd6 32. Nf3 Nxd3 33. cxd3
Rde6 34. Rxe5 Rxe5 35. Nxe5 Rxe5 36. Rxa6 Rd5 37. Rb6 Kg7 38. Kf1 Rxd3 39. Rxb5
Ra3 40. Rb2 Kf6 41. Kg2 Kg5 42. f3 Kf4 43. h4 f6 44. Rb4+ Ke5 45. Rb5+ Ke6 46.
Rb2 Ke5 47. Kg3 Ke6 48. Re2+ Kf7 49. h5 h6 50. Rb2 Kg7 51. Rb7+ Kg8 52. Kf4
Rxa2 53. Kf5 Ra6 54. Kg6 Ra8 55. Kxh6 Ra6 56. Kg6 Kf8 57. Rf7+ Kg8 58. Rxf6 Ra7
59. h6 Rh7 60. Rf8+ 1-0

[Event "España ch 2010 sub-12"]
[Site "Linares ESP"]
[Date "2010.07.10"]
[Round "7.10"]
[White "Garralon Torres, Julio"]
[Black "Ventura Bolet, Alexandre"]
[Result "0-1"]
[WhiteElo "1619"]
[BlackElo "1720"]
[PlyCount "143"]
[EventDate "2010.07.06"]
[EventType "swiss"]
[EventRounds "9"]
[EventCountry "ESP"]
[Source "lmi"]
[SourceDate "2010.07.06"]

1. c4 e5 2. Nc3 Nc6 3. Nf3 f5 4. d4 e4 5. Nd2 Bb4 6. e3 Nf6 7. Be2 O-O 8. Qb3
Bxc3 9. Qxc3 d6 10. f3 Kh8 11. O-O Qe8 12. Nb3 Qg6 13. c5 d5 14. Na5 Nxa5 15.
Qxa5 c6 16. Bd2 Be6 17. Qc7 Rf7 18. Qa5 h5 19. Be1 f4 20. exf4 Bh3 21. Bg3 h4
22. Qe1 Nh5 23. fxe4 hxg3 24. gxh3 Nxf4 25. hxg3 Nxe2+ 26. Qxe2 Qxg3+ 27. Qg2
Qxg2+ 28. Kxg2 Rxf1 29. Rxf1 dxe4 30. Re1 Re8 31. Re3 Kh7 32. Kg3 g5 33. Kg4
Kg6 34. h4 gxh4 35. Kxh4 Kf5 36. Kg3 Rd8 37. Rb3 Rd7 38. Kf2 Ke6 39. Rb4 Kd5
40. Ke3 Rf7 41. Ke2 Rh7 42. Ke3 a6 43. a4 a5 44. Rb6 Kc4 45. Kxe4 Re7+ 46. Kf5
Kxd4 47. Kf6 Rh7 48. b4 axb4 49. Rxb4+ Kxc5 50. Rg4 b5 51. Kg6 Rh8 52. Kg7 Ra8
53. Rg5+ Kb6 54. axb5 cxb5 55. Rg1 b4 56. Rb1 Kb5 57. Kf6 Re8 58. Kf7 Re3 59.
Kf6 b3 60. Kf5 Kb4 61. Kf4 Re7 62. Kf3 Ka3 63. Ra1+ Kb2 64. Ra6 Kb1 65. Kf2 b2
66. Kf3 Rc7 67. Ke3 Kc1 68. Rh6 b1=Q 69. Rh1+ Kb2 70. Rh5 Qe1+ 71. Kd4 Qd1+ 72.
Ke5 0-1

[Event "España ch 2010 sub-12"]
[Site "Linares ESP"]
[Date "2010.07.10"]
[Round "7.11"]
[White "Alonso Gonzalez, Miguel"]
[Black "Rodriguez Mellado, Antonio"]
[Result "0-1"]
[WhiteElo "1613"]
[BlackElo "1716"]
[PlyCount "60"]
[EventDate "2010.07.06"]
[EventType "swiss"]
[EventRounds "9"]
[EventCountry "ESP"]
[Source "lmi"]
[SourceDate "2010.07.06"]

1. e4 e5 2. Nf3 Nc6 3. d4 exd4 4. Bc4 Bc5 5. c3 Nf6 6. e5 d5 7. Bb5 Ne4 8. cxd4
Bb4+ 9. Bd2 Bxd2+ 10. Nbxd2 Bg4 11. Qc2 Nxd2 12. Bxc6+ bxc6 13. Qxc6+ Bd7 14.
Qxd5 Nxf3+ 15. Qxf3 c6 16. O-O O-O 17. b4 h6 18. Rfe1 Qg5 19. Rac1 Rad8 20. d5
cxd5 21. Qxd5 Bh3 22. Qf3 Rd3 23. Qb7 Bg4 24. Kh1 Rd2 25. Qxa7 Be6 26. a4 Qf4
27. b5 Rxf2 28. Rg1 Bd5 29. Rce1 Qd2 30. Rd1 Bxg2+ 0-1

[Event "España ch 2010 sub-12"]
[Site "Linares ESP"]
[Date "2010.07.10"]
[Round "7.12"]
[White "Guerra Arrocha, Daniel"]
[Black "Jane Besora, Jordi"]
[Result "0-1"]
[WhiteElo "1609"]
[BlackElo "1691"]
[PlyCount "100"]
[EventDate "2010.07.06"]
[EventType "swiss"]
[EventRounds "9"]
[EventCountry "ESP"]
[Source "lmi"]
[SourceDate "2010.07.06"]

1. e4 c5 2. Nf3 Nc6 3. d4 cxd4 4. Nxd4 e5 5. Nb5 a6 6. Nd6+ Bxd6 7. Qxd6 Qf6 8.
Qd1 Qg6 9. Nc3 Nge7 10. h4 h5 11. Bg5 d5 12. Bd3 d4 13. Nd5 Qd6 14. Bc4 Nxd5
15. Bxd5 Be6 16. Bxe6 Qxe6 17. a3 Qg6 18. Qf3 f6 19. Bd2 O-O-O 20. Rh3 Rhf8 21.
Rg3 Qf7 22. Qf5+ Kb8 23. Rb3 g6 24. Qf3 Qc4 25. Rc1 Qe6 26. Qd3 Ka7 27. Bb4
Nxb4 28. Rxb4 Qg4 29. g3 f5 30. exf5 gxf5 31. Rd1 e4 32. Qb3 Qg7 33. Qc4 e3 34.
Qc5+ Ka8 35. Rbxd4 exf2+ 36. Kxf2 Rc8 37. Qb6 Rxc2+ 38. Kf3 Qe7 39. Rd8+ Rc8
40. Rxc8+ Rxc8 41. Qe3 Qg7 42. Qf4 Qxb2 43. Qxf5 Re8 44. Qd3 Rf8+ 45. Ke4 Qg2+
46. Ke5 Re8+ 47. Kf4 Qf2+ 48. Kg5 Rg8+ 49. Kxh5 Qf7+ 50. Kh6 Qg7+ 0-1

[Event "España ch 2010 sub-12"]
[Site "Linares ESP"]
[Date "2010.07.10"]
[Round "7.13"]
[White "Mandado Castelany, Marco"]
[Black "Pruja Ramirez De Cartagena, Eduar"]
[Result "1-0"]
[WhiteElo "1604"]
[BlackElo "1681"]
[PlyCount "77"]
[EventDate "2010.07.06"]
[EventType "swiss"]
[EventRounds "9"]
[EventCountry "ESP"]
[Source "lmi"]
[SourceDate "2010.07.06"]

1. e4 c5 2. Nf3 g6 3. d4 cxd4 4. Qxd4 Nf6 5. Bb5 Qa5+ 6. Qc3 Qxc3+ 7. Nxc3 a6
8. Ba4 b5 9. e5 Ng4 10. Bb3 Nc6 11. Nd5 Rb8 12. Ng5 Ngxe5 13. f4 f6 14. fxe5
fxg5 15. Bxg5 Bg7 16. Bf4 Bxe5 17. Bxe5 Nxe5 18. O-O-O d6 19. Rhe1 Bf5 20. Nc7+
Kd7 21. Nxa6 Ra8 22. Rxe5 Rxa6 23. Rxb5 Ra7 24. Rc5 Rha8 25. Rc3 Rf8 26. Re3
Bg4 27. Rde1 Kd8 28. a3 Rf2 29. h3 Bf5 30. g4 Bc8 31. R1e2 Rf1+ 32. Re1 Rf2 33.
Bg8 Rc7 34. R3e2 Rxe2 35. Rxe2 h5 36. gxh5 gxh5 37. Be6 Ba6 38. Rf2 Ke8 39. Rg2
1-0

[Event "España ch 2010 sub-12"]
[Site "Linares ESP"]
[Date "2010.07.10"]
[Round "7.15"]
[White "Chao Vale, Fernando"]
[Black "Heredia Navarro, Alvaro"]
[Result "1-0"]
[WhiteElo "1654"]
[BlackElo "1554"]
[PlyCount "69"]
[EventDate "2010.07.06"]
[EventType "swiss"]
[EventRounds "9"]
[EventCountry "ESP"]
[Source "lmi"]
[SourceDate "2010.07.06"]

1. e4 e6 2. d4 d5 3. Nc3 Bb4 4. e5 c5 5. a3 Bxc3+ 6. bxc3 Qc7 7. Nf3 Nc6 8. Be2
Nge7 9. O-O b6 10. a4 Bb7 11. Ba3 f6 12. exf6 gxf6 13. dxc5 bxc5 14. Bxc5 Ne5
15. Bb5+ Bc6 16. Bxe7 Kxe7 17. Bxc6 Qxc6 18. Nxe5 fxe5 19. Qd3 Rac8 20. Ra3 h5
21. Qb5 Qa8 22. a5 Rcg8 23. a6 Rb8 24. Qc5+ Kf6 25. Rb3 Rbc8 26. Qe3 Rc7 27.
Re1 Rg7 28. Qxe5+ Kg6 29. Qxe6+ Kh7 30. Re5 Rg6 31. Rxh5+ Kg7 32. Qe7+ Kg8 33.
Rxh8+ Kxh8 34. Rb7 Qg8 35. Qh4+ 1-0

[Event "España ch 2010 sub-12"]
[Site "Linares ESP"]
[Date "2010.07.10"]
[Round "8.1"]
[White "Cervello Tost, Ferran"]
[Black "Ucles Lirola, Moises"]
[Result "1-0"]
[WhiteElo "1748"]
[BlackElo "1753"]
[PlyCount "96"]
[EventDate "2010.07.06"]
[EventType "swiss"]
[EventRounds "9"]
[EventCountry "ESP"]
[Source "lmi"]
[SourceDate "2010.07.06"]

1. e4 Nf6 2. e5 Nd5 3. d4 d6 4. Nf3 Bg4 5. Be2 Nc6 6. c4 Nb6 7. exd6 exd6 8. d5
Bxf3 9. Bxf3 Ne5 10. Be2 g6 11. f4 Ned7 12. O-O Bg7 13. Qc2 O-O 14. Bd2 Nf6 15.
Bc3 Re8 16. b3 a5 17. Bf3 a4 18. Nd2 Qd7 19. Ne4 Nxe4 20. Bxg7 Kxg7 21. Bxe4 f5
22. Bf3 Qe7 23. Qc3+ Qf6 24. Qxf6+ Kxf6 25. Rfe1 a3 26. Kf2 Nd7 27. Rxe8 Rxe8
28. Re1 Ra8 29. h3 Nc5 30. Re3 Na6 31. g4 Nb4 32. Re2 Rf8 33. gxf5 gxf5 34. Rd2
Rd8 35. Ke1 Re8+ 36. Kf2 b6 37. Be2 Re7 38. Bd3 h5 39. Bb1 h4 40. Re2 Rg7 41.
Re3 Rg8 42. Re6+ Kf7 43. Rh6 Rg3 44. Rxh4 Rc3 45. Rh7+ Ke8 46. Rxc7 Rc1 47.
Bxf5 Nxa2 48. Ra7 Rc2+ 1-0

[Event "España ch 2010 sub-12"]
[Site "Linares ESP"]
[Date "2010.07.10"]
[Round "8.2"]
[White "Domingo Nunez, Alejandro"]
[Black "Alvarez Nistal, David"]
[Result "1-0"]
[WhiteElo "1753"]
[BlackElo "1727"]
[PlyCount "107"]
[EventDate "2010.07.06"]
[EventType "swiss"]
[EventRounds "9"]
[EventCountry "ESP"]
[Source "lmi"]
[SourceDate "2010.07.06"]

1. e4 e5 2. Nf3 Nc6 3. Bc4 Bc5 4. c3 Nf6 5. d3 a6 6. Nbd2 Ba7 7. O-O O-O 8. h3
d6 9. Bb3 Nh5 10. Re1 Qf6 11. Nf1 Qg6 12. Nh4 Qf6 13. Nf3 Nf4 14. Ng3 Qg6 15.
d4 Kh8 16. Bc2 Bd7 17. Be3 Rad8 18. Qc1 Qf6 19. Bxf4 Qxf4 20. Qxf4 exf4 21. Ne2
f5 22. d5 fxe4 23. Bxe4 Nb8 24. Rad1 Rde8 25. Ned4 Re7 26. Bf5 Rxe1+ 27. Rxe1
Bxd4 28. Nxd4 Bxf5 29. Nxf5 Kg8 30. Nd4 Kf7 31. Ne6 Re8 32. Kf1 c6 33. Nxf4
Rxe1+ 34. Kxe1 g5 35. dxc6 bxc6 36. Nd3 Ke6 37. Ke2 Kf5 38. Ke3 c5 39. g4+ Ke6
40. f4 gxf4+ 41. Kxf4 Kf6 42. g5+ Ke6 43. h4 Nc6 44. h5 Ne7 45. c4 Nf5 46. Nf2
Ne7 47. Ne4 Ng8 48. g6 hxg6 49. hxg6 Ke7 50. Kg5 Ke6 51. Ng3 Ke7 52. Nf5+ Ke6
53. Nh6 Ne7 54. g7 1-0

[Event "España ch 2010 sub-12"]
[Site "Linares ESP"]
[Date "2010.07.10"]
[Round "8.3"]
[White "Hernandez Mateo, Borja"]
[Black "Bas Mas, Miguel"]
[Result "0-1"]
[WhiteElo "1575"]
[BlackElo "1822"]
[PlyCount "80"]
[EventDate "2010.07.06"]
[EventType "swiss"]
[EventRounds "9"]
[EventCountry "ESP"]
[Source "lmi"]
[SourceDate "2010.07.06"]

1. e4 c5 2. Nf3 e6 3. d4 cxd4 4. Nxd4 a6 5. Nc3 Qc7 6. a3 d6 7. Be3 Be7 8. Be2
Nf6 9. Qd2 Nc6 10. f3 Rb8 11. g4 b5 12. g5 Nd7 13. b4 Nde5 14. f4 Nc4 15. Bxc4
bxc4 16. Nce2 Bb7 17. Ng3 Nxd4 18. Qxd4 e5 19. fxe5 dxe5 20. Qd2 O-O 21. O-O
Rbd8 22. Qf2 Qc6 23. Qf5 Bd6 24. Rad1 Bc8 25. Qf2 Bg4 26. Rd5 Be6 27. Rdd1 Rd7
28. Bc5 Bxc5 29. Qxc5 Qxc5+ 30. bxc5 Rfd8 31. Rxd7 Rxd7 32. Rb1 g6 33. Rb8+ Kg7
34. Ra8 Rd2 35. c6 Rd6 36. Rxa6 Kf8 37. Ne2 Ke7 38. Nc3 Rd2 39. c7 Bc8 40. Nb5
Bxa6 0-1